Responses for show #7822 - Tuesday, September 18, 2018

Kyle Jones game 5. Alex has a goatee.

Contestants

[<< previous game]

Raymond Quianzon, a retired tax attorney from Washington, D.C.

Emily Brown, a pastor from Hastings-on-Hudson, New York

Kyle Jones, a music teacher from Aurora, Colorado (whose 4-day cash winnings total $83,601)

[next game >>]

Jeopardy! Round responses

FIRST LADIES
ONE-SYLLABLE CITIES
QROSSWORD QLUES "Q"
PSA MASCOTS
WHAT'S THAT ON YOUR SHELF?
FILMMAKERS FROM MEXICO
    $200 16
(Kyle: Who is Bush? ...[*]?)

Barbara Bush

Kyle
    $200 1
Rome

Kyle
    $200 5
a quail

Raymond
    $200 21
crash test dummies

Raymond
    $200 11
Monopoly

Emily
    $200 26
Snoopy

Kyle
    $400 17
Slovenia

Raymond
    $400 2
Flint

Kyle
    $400 6
queasy

Emily
    $400 22
McGruff the Crime Dog

Raymond
    $400 12
Kobe Bryant

Kyle
    $400 27
(Cesar) Chavez

Emily
    $600 18
(Rosalynn) Carter

Kyle
    $600 3
Cannes

Emily
    $600 7
a quark

Kyle
    $600 23
drugs

Emily
    $600 13
Iwo Jima

Raymond
    $600 28
Like Water for Chocolate

Emily
    $800 19
Dolley Madison

Triple Stumper
    $1,000 4
Seoul

Emily
    $800 9
quaff

Kyle
    $800 24
(Alex: Less than a minute now.)

Woodsy Owl

Raymond
    $800 14
Tulane University

Raymond
    $800 29
[The end-of-round signal sounds.]

The Revenant

Kyle
    $1000 20
a schoolteacher

Triple Stumper
    $1000 8
Worms

Kyle
    $1000 10
quince

Emily
    $1000 25
a Dalmatian

Kyle
    $1000 15
Milton Hershey

Triple Stumper

Scores at the first commercial break (after clue 15):

Kyle Emily Raymond
$3,400 $3,200 $1,600

Scores at the end of the Jeopardy! Round:

Kyle Emily Raymond
$6,200 $4,800 $3,400

Double Jeopardy! Round responses

NOT YOUR EVERYDAY WORDS
I GOT YOUR BOOK
NEON
THE LETTERS OF THE LAW
TOMB RAIDER
'90s SONGS FOR OLYMPIC SKATERS
    $400 6
an umbrella

Emily
    $400 11
(Ian) Fleming

Kyle
    $400 21
red

Emily
    $400 1
Clean Air Act

Kyle
    $400 16
(Kyle: What is Greece?)
...
(Alex: Etruscan tomb--it was returned to [*].)

Italy

Kyle
Triple Stumper
    $400 25
(Alex: Less than a minute.)

"Jump Around"

Triple Stumper
    $800 7
their gender

Kyle
    $800 12
the spider's web

Triple Stumper
    $800 22
Las Vegas

Kyle
    $2,000 2
the Endangered Species Act

Kyle
    $800 17
Lincoln

Emily
    $800 27
"Unbelievable"

Kyle
    $1200 8
(Kyle: What is non-shedding?)

hairless

KyleEmily
    $1200 13
(Michael) Crichton

Raymond
    $1200 23
Piccadilly Circus

Raymond
    $1200 3
No Child Left Behind

Kyle
    $4,000 18
(Emily: What is the tomb of Alexander the Great?)

the Mausoleum of Halicarnassus

Emily
    $1200 28
Chumbawamba

Emily
    $1600 9
chess

Triple Stumper
    $1600 14
time

Kyle
    $1600 24
Broadway

Emily
    $1600 4
(Raymond: What is the Tennessee Valley Act?)

the Tennessee Valley Authority

KyleRaymond
    $1600 19
Skull and Bones

Kyle
    $1600 29
[The end-of-round signal sounds.]

slide

Emily
    $2000 10
a sword (or a knife)

Emily
    $2000 15
(David Foster) Wallace

Emily
    $2000 26
cryogenics

Kyle
    $2000 5
the Volstead Act

Triple Stumper
    $2000 20
(Kyle: What is Memphis?)

Thebes

Kyle
Triple Stumper

Scores at the end of the Double Jeopardy! Round:

Kyle Emily Raymond
$15,800 $12,000 $4,200

[wagering suggestions for these scores]

Final Jeopardy! Round responses

ANIMAL CHARACTERS
RaymondWho is Wiley Coyote?
$399
EmilyWho is Wile E. Coyote?
$3,599
KyleWho is Wiley Coyote?
$8,201
Wile E. Coyote

Final scores:

Kyle Emily Raymond
$24,001 $15,599 $4,599
5-day champion: $107,602 2nd place: $2,000 3rd place: $1,000

Game dynamics:

Coryat scores:

Kyle Emily Raymond
$14,600 $15,800 $4,200
22 R
(including 1 DD),
3 W
17 R
(including 1 DD),
1 W
(including 1 DD)
9 R,
1 W

Combined Coryat: $34,600

The J! Archive is created by fans, for fans. The Jeopardy! game show and all elements thereof, including but not limited to copyright and trademark thereto, are the property of Jeopardy Productions, Inc. and are protected under law. This website is not affiliated with, sponsored by, or operated by Jeopardy Productions, Inc. Join the discussion at JBoard.tv.